Democracy Indian style : (Record no. 14298)

000 -LEADER
fixed length control field 01108cam a22003134a 4500
001 - CONTROL NUMBER
control field 13027563
005 - DATE AND TIME OF LATEST TRANSACTION
control field 20170105102851.0
008 - FIXED-LENGTH DATA ELEMENTS--GENERAL INFORMATION
fixed length control field 021211s2003 njua b 001 0deng
010 ## - LIBRARY OF CONGRESS CONTROL NUMBER
LC control number 2002043002
020 ## - INTERNATIONAL STANDARD BOOK NUMBER
International Standard Book Number 0765801868 (alk. paper)
040 ## - CATALOGING SOURCE
Original cataloging agency DLC
Transcribing agency DLC
Modifying agency DLC
041 1# - LANGUAGE CODE
Language code of text/sound track or separate title eng
Language code of original ger
042 ## - AUTHENTICATION CODE
Authentication code pcc
043 ## - GEOGRAPHIC AREA CODE
Geographic area code a-ii---
050 00 - LIBRARY OF CONGRESS CALL NUMBER
Classification number JQ281
Item number .P44 2003
082 00 - DEWEY DECIMAL CLASSIFICATION NUMBER
Classification number 320.954/092
Edition number 21
100 1# - MAIN ENTRY--PERSONAL NAME
Personal name Pelinka, Anton,
Dates associated with a name 1941-
245 10 - TITLE STATEMENT
Title Democracy Indian style :
Remainder of title Subhas Chandra Bose and the creation of India's political culture /
Statement of responsibility, etc. Anton Pelinka ; translated by Renée Schell.
260 ## - PUBLICATION, DISTRIBUTION, ETC.
Place of publication, distribution, etc. New Delhi :
Name of publisher, distributor, etc. Viva Books,
Date of publication, distribution, etc. c2004.
300 ## - PHYSICAL DESCRIPTION
Extent x, 318 p. :
Other physical details ill. ;
Dimensions 24 cm.
504 ## - BIBLIOGRAPHY, ETC. NOTE
Bibliography, etc. note Includes bibliographical references (p. 305-311) and index.
600 10 - SUBJECT ADDED ENTRY--PERSONAL NAME
Personal name Bose, Subhas Chandra,
Dates associated with a name 1897-1945.
650 #0 - SUBJECT ADDED ENTRY--TOPICAL TERM
Topical term or geographic name entry element Democracy
Geographic subdivision India.
650 #0 - SUBJECT ADDED ENTRY--TOPICAL TERM
Topical term or geographic name entry element Political culture
Geographic subdivision India.
700 1# - ADDED ENTRY--PERSONAL NAME
Personal name Schell, Renée.
906 ## - LOCAL DATA ELEMENT F, LDF (RLIN)
a 7
b cbc
c orignew
d 1
e ocip
f 20
g y-gencatlg
942 ## - ADDED ENTRY ELEMENTS (KOHA)
Source of classification or shelving scheme
Koha item type Book
Holdings
Withdrawn status Lost status Damaged status Not for loan Collection code Permanent Location Current Location Shelving location Date acquired Total Checkouts Full call number Barcode Date last seen Price effective from Koha item type
          Centre for International Peace & Stability (CIPS) Centre for International Peace & Stability (CIPS) General Stacks 08/13/2013   320.954 PEL 2004 CIPS0000689 08/21/2013 08/21/2013 Book
© 2023 Central Library, National University of Sciences and Technology. All Rights Reserved.